000 00211 a2200097 4500
001 3372
100 _aTerman, F.E
245 _aElectronic & radio engineering
260 _a
_bMcgrawhill
_c
090 _c2649
_d2649
942 _aNUST-CAE
_cM
_c18324
999 _c238445
_d238445